Sarkar code of civil procedure

محفوظ في:
التفاصيل البيبلوغرافية
المؤلف الرئيسي: Sarkar, Sudipto
مؤلف مشترك: i.Sarkar, S.C. ii. Sarkar, Prabhas C. iii. Monahar, V.R
التنسيق: كتاب
اللغة:الإنجليزية
منشور في: New Delhi: LexisNexis, 2006.
الطبعة:11th ed. rev. & engl.)
الوسوم: إضافة وسم
لا توجد وسوم, كن أول من يضع وسما على هذه التسجيلة!

MARC

LEADER 00000nam a22000007a 4500
003 MU
005 20220518120335.0
008 220518b |||||||| |||| 00| 0 eng d
040 |a Mzumbe University   |b English  |c AACR 
050 |a KNS3564.31908  |b 1 
082 |2 22  |a 347.95402632 SAR 
100 |a Sarkar, Sudipto 
245 |a Sarkar code of civil procedure  |c /Sudipto Sarkar, and V.R. Monohar  
250 |a 11th ed. rev. & engl.)  |b by Sudipto Sarkar, and V.R. Monohar  
260 |a New Delhi:   |b LexisNexis,   |c 2006. 
300 |a 2v. ( ccvii, 2802p.).  |c 25cm. 
504 |a Includes index.  
690 |a 1. Code of Civil Procedure, 1908 (India) 2. Civil procedure 
710 |a i.Sarkar, S.C. ii. Sarkar, Prabhas C. iii. Monahar, V.R. 
942 |2 ddc  |c BK  |n 0 
999 |c 23  |d 23